| 000 | 01068nam0a22002651 4500 | ||
|---|---|---|---|
| 001 | rc\1133311 | ||
| 005 | 20250622191228.0 | ||
| 035 | _a(NLR Aleph) 006374443 | ||
| 090 |
_a5027675 _c5027675 |
||
| 100 | _a20041126d1980 |||y0rusy50 ca | ||
| 101 | 0 | _arus | |
| 102 | _aRU | ||
| 105 | _aa ||||||||| | ||
| 200 | 1 |
_aПрактикум по программированию на алгоритмических языках _e[Для втузов] _fГ.И. Светозарова, Е.В. Сигитов, А.В. Козловский _gПод ред. С.В. Емельянова |
|
| 210 |
_aМ. _cНаука _d1980 |
||
| 215 |
_a320 с. _cграф. _d21 |
||
| 320 | _aБиблиогр. в конце текста (10 назв.) | ||
| 700 | 1 |
_aСветозарова _bГ.И. _gГалина Ивановна |
|
| 701 | 1 |
_aСигитов _bЕ.В. _gЕвгений Васильевич |
|
| 701 | 1 |
_aКозловский _bА.В. _gАлексей Вадимович |
|
| 801 | 0 |
_aRU _bNLR _gpsbo |
|
| 801 | 1 |
_aRU _bELAR _2rusmarc |
|
| 852 |
_aNLR _j80-3/6702 |
||
| 942 | _cBOOK | ||
| 980 | _aNB | ||